| 000 | 01210cam a2200349 i 4500 | ||
|---|---|---|---|
| 999 |
_c1277 _d1277 |
||
| 001 | 17746128 | ||
| 003 | GZU | ||
| 005 | 20201001145402.0 | ||
| 008 | 130521s2014 cau b 001 0 eng | ||
| 010 | _a 2013940927 | ||
| 020 | _a9781446254592 | ||
| 020 |
_a9781446254608 _q(pbk) |
||
| 040 |
_aDLC _beng _erda _cDLC _dDLC |
||
| 042 | _apcc | ||
| 050 | 0 | 0 |
_aH62 _b.BAR 2014 |
| 100 | 1 |
_aBarbour, Rosaline S., _eauthor. |
|
| 245 | 1 | 0 |
_aIntroducing qualitative research : _ba student's guide / _cRosaline Barbour. |
| 250 | _aSecond edition. | ||
| 264 | 1 |
_aLos Angeles : _bSAGE, _c2014. |
|
| 300 |
_axiii, 376 pages ; _c24 cm |
||
| 336 |
_atext _btxt _2rdacontent |
||
| 337 |
_aunmediated _bn _2rdamedia |
||
| 338 |
_avolume _bnc _2rdacarrier |
||
| 500 | _aPrevious edition: 2008. | ||
| 504 | _aIncludes bibliographical references (pages 339-363) and indexes. | ||
| 650 | 0 |
_aSocial sciences _xResearch. |
|
| 650 | 0 | _aQualitative research. | |
| 650 | 0 |
_aSocial sciences _xMethodology. |
|
| 906 |
_a7 _bcbc _corigres _d2 _encip _f20 _gy-gencatlg |
||
| 942 |
_2lcc _cBK _e2nd ed. _h62 _iBAR _kH |
||